000
00274nam a2200109Ia 4500
005
20251222152650.0
008
251222s9999||||xx |||||||||||||| ||spa||
082
_a
270/R83
100
_a
Rops, Daniel
245
0
_a
La Iglesia de los Apóstoles y de los Mártires
942
_c
LIB
999
_c
28414
_d
28414